| 000 | 00474ntaaa2200181 4500 | ||
|---|---|---|---|
| 003 | 01 | ||
| 005 | 20251027201547.0 | ||
| 008 | 0714s1973 ag 01 | ||
| 040 |
_aAR-BaBN _bspa _cAR-BaBN _eaacr _dRIC |
||
| 082 | _a230.0000 B63 | ||
| 100 |
_aBoard of National Missions _914300 |
||
| 245 | _aThe Christian Answer - to life's urgent problems. | ||
| 250 | _a1 ed. | ||
| 260 |
_aNY : _bBoard of National Missions, _cn.f. |
||
| 300 | _a31 p. | ||
| 650 | _aTeologĂa | ||
| 942 | _cBK | ||
| 999 |
_c10242 _d10242 |
||